Govt. of
Madhya Pradesh

Indian Women From Darkness To Light (Record no. 904)

MARC details
000 -LEADER
fixed length control field 004950000a22001930004500
001 - CONTROL NUMBER
control field 000906
003 - CONTROL NUMBER IDENTIFIER
control field MACL
005 - DATE AND TIME OF LATEST TRANSACTION
control field 20150802131255.0
008 - FIXED-LENGTH DATA ELEMENTS--GENERAL INFORMATION
fixed length control field 150802b xxu||||| |||| 00| 0 eng d
040 ## - CATALOGING SOURCE
Original cataloging agency MACL
Transcribing agency MACL
041 ## - LANGUAGE CODE
Language code of text/sound track or separate title English
082 ## - DEWEY DECIMAL CLASSIFICATION NUMBER
Classification number 376/CHA
100 ## - MAIN ENTRY--PERSONAL NAME
Personal name Chatterji, Shoma A.
9 (RLIN) 4339
245 ## - TITLE STATEMENT
Title Indian Women From Darkness To Light
Statement of responsibility, etc. Shoma A. Chatterji
260 ## - PUBLICATION, DISTRIBUTION, ETC. (IMPRINT)
Place of publication, distribution, etc. Calcutta
Date of publication, distribution, etc. 2000
Name of publisher, distributor, etc. Parumita Publications,
350 ## - PRICE (NR) (BK AM CF MU VM SE) [OBSOLETE]
Price 195
650 ## - SUBJECT ADDED ENTRY--TOPICAL TERM
Topical term or geographic name as entry element Education
9 (RLIN) 4340
942 ## - ADDED ENTRY ELEMENTS (KOHA)
Call number prefix 376
Koha item type Books
Source of classification or shelving scheme
Holdings
Withdrawn status Lost status Source of classification or shelving scheme Damaged status Not for loan Home library Current library Date acquired Cost, normal purchase price Total Checkouts Full call number Barcode Date last seen Uniform Resource Identifier Price effective from Koha item type
          MACL MACL 15/04/2015 195.00   376/CHA CRE012838 02/05/2024 905 15/04/2015 Books